[Event "70th RUS-ch Women Higher League 2020"]
[Site "Sochi"]
[Date "2020.10.08"]
[Round "1.9"]
[White "Charochkina, Daria"]
[Black "Nasyrova, Ekaterina"]
[Result "0-1"]
[WhiteElo "2356"]
[BlackElo "2171"]
[Annotator "TA"]
[PlyCount "144"]
[EventDate "2020.10.08"]
[EventType "swiss"]
[EventCountry "RUS"]
[SourceTitle "playchess.com"]
[Source "ChessBase"]
[SourceQuality "1"]

{[%evp 9,144,-19,-15,-29,-25,-23,-20,-27,-17,-34,0,-7,16,-47,-18,-19,22,21,33,-44,31,2,9,-19,-16,-37,-26,-44,71,33,54,0,41,43,47,-18,-15,-266,-255,-232,-271,-245,33,46,36,0,0,0,0,-55,-48,-58,-35,-38,18,-21,-14,-110,-16,-61,-66,-66,-62,-68,-62,-194,-205,-233,-27,-89,-91,-114,-101,-160,-135,-135,-131,-183,-167,-168,-93,-451,-460,-442,-416,-419,-262,-244,-237,-402,-402,-384,-365,-372,-189,-294,-191,-776,-110,-100,-70,-209,-218,-204,-183,-192,-164,-286,-176,-260,0,-267,-112,-954,-29966,-1713,-716,-29970,-29970,-29970,-29974,-29974,-29975,-29974,-29975,-29973,-29976,-29976,-29977,-29980,-29980,-29980,-29975,-6195,-2083,-1412,-1114]} 1. e4 e5 2. d4 exd4 3. Qxd4 Nc6 4. Qc4 Nf6 5. Nc3 Bb4 6. Bd2 {C22: Centre Game.} O-O {Strongly threatening ...Bxc3.} 7. O-O-O a5 8. f3 {The position is equal.} d6 9. a3 Be6 10. Qe2 $1 Bc5 11. g4 {[#]} (11. Be3 $11 Bc4 12. Qxc4 Bxe3+ 13. Kb1) 11... b5 $146 ({Predecessor:} 11... Re8 12. g5 Nd7 13. h4 f5 14. gxf6 Nxf6 15. Nh3 Kh8 16. Nf4 Bf7 17. Qg2 Nh5 {1-0 (48) Ponkratov,P (2632)-Tregubov,P (2588) Moscow 2019}) 12. Nxb5 Ne5 13. Bc3 $1 {[%cal Rc3e5] Hoping for Bxe5.} Nfd7 14. Nh3 (14. Nd4 $14) 14... Qc8 (14... Bc4 $15 15. Qg2 Bxf1 16. Qxf1 Rb8) 15. Nd4 Nb6 $1 16. Nb3 Bc4 17. Qg2 Be3+ 18. Kb1 Bxf1 (18... Qa6 $15 {stays ahead.}) 19. Rhxf1 Nec4 20. Rd3 (20. Rfe1 $14) 20... Qb7 (20... a4 $5 {[%cal Ra4b3]} 21. Nd4 Bxd4 22. Bxd4 Qb7 $14) 21. Qe2 a4 22. Nd4 (22. Rxe3 $14 Nxe3 23. Qxe3 axb3 24. cxb3) 22... Bxd4 $1 $11 23. Bxd4 $4 {[%mdl 8192]} (23. Rxd4 $11 Nxa3+ 24. bxa3 (24. Ka2 Nac4 $11) 24... Nd5+ 25. Ka1 Nxc3 26. Qd3) 23... c5 $19 24. Bc3 d5 25. exd5 Nxd5 $2 {[#]} (25... Rfe8 $19 26. Qd1 Ne3 27. Rxe3 Rxe3) 26. Rxd5 $1 $14 {[%mdl 512]} Nxa3+ $1 (26... Qxd5 27. Nf4) 27. Ka1 Nxc2+ $1 28. Qxc2 Qxd5 29. Nf4 ({Better is} 29. Rd1 $11 Qb3 30. Kb1) 29... Qc4 $15 30. Nd3 Rfd8 31. Rd1 Rd5 (31... Qd5 $15 32. Re1 Qxf3 33. Nxc5 Re8) 32. Nf2 Rxd1+ 33. Nxd1 (33. Qxd1 $11 a3 34. Ne4) 33... Re8 (33... Qf1 $17 {aiming for ...Rd8.} 34. Ka2 Qxf3) 34. Kb1 Qf1 35. Qxa4 {[%cal Ra4e8]} Rd8 36. Kc1 Qxf3 37. g5 (37. Ba5 $15 Ra8 38. Qd7) 37... Ra8 $19 {[%mdl 1024] Black has strong compensation.} 38. Qd7 Qf4+ $2 (38... Ra1+ $19 39. Kc2 Qe2+ {[%mdl 64] Double Attack} 40. Kb3 Qxd1+ 41. Qxd1 Rxd1) 39. Kc2 (39. Bd2 $1 $11 Ra1+ 40. Kc2 Qe4+ 41. Kb3) 39... Qxg5 $17 40. h3 h5 $36 {[%mdl 2048] Black is in control.} 41. Qd3 (41. Bd2 $142 Qh4 42. Qd3) 41... Rd8 42. Qe4 Qg3 43. Qf5 (43. h4 $17) 43... c4 $1 $19 44. Nf2 Re8 (44... Qe3 $1 $19 45. Kb1 Qe2) 45. Bd2 $2 {[%mdl 8192]} (45. Bd4 $17) 45... Re5 $1 {[%cal Re5f5]} 46. Qc8+ Kh7 47. Qc7 Qb3+ 48. Kc1 Rf5 49. Qa7 $2 (49. Qh2 {is the only way for White.}) 49... Qf3 50. Be3 Re5 51. Kd2 Rd5+ (51... h4 $142 52. Qa3 Rd5+ 53. Kc2 Qe2+ 54. Kb1 Rf5) 52. Kc2 (52. Ke1 $142) 52... g5 53. Bd4 $2 (53. Qe7) 53... Rf5 $2 (53... g4 $19 {and Black stays clearly on top. And now ...g3 would win.} 54. hxg4 hxg4) 54. Qe7 $17 Qd5 55. Kc3 ({Only move:} 55. Qe4 $1 $15) 55... Rf3+ 56. Be3 Kg6 57. Qe8 Kg7 58. Kb4 (58. Qe7 $142) 58... Rf5 {White must now prevent ...Re5.} 59. Kc3 (59. Qe4 {was necessary.} Qb5+ 60. Kc3) 59... Rf3 60. Kb4 $1 {[#] If only White now had time for Qe7....} Kh7 (60... Rxf2 $1 $19 {[%mdl 512]} 61. Bxf2 Qd2+ {[%mdl 64] Double Attack} 62. Kxc4 Qc2+ 63. Kd5 Qxf2 64. Qe5+ Kg6) 61. Bc5 $2 {[%mdl 8192]} (61. Qe7 $17) 61... Rb3+ $19 {[%mdl 64] Double Attack} 62. Ka4 Rxb2 (62... Qxc5 $142 63. Qxf7+ Kh8 64. Qf6+ Kh7 65. Qf7+ Kh8 66. Qf6+ Kg8 67. Qd8+ {[#]} Kf7 $1 {[%mdl 512]} 68. Qd7+ Qe7 69. Qd5+ Kf8 70. Qxc4 Rf3) 63. Bd4 Ra2+ 64. Kb4 Qa5+ 65. Kxc4 Rc2+ 66. Kd3 Qd2+ 67. Ke4 Qe1+ 68. Be3 Rxf2 69. Kd5 Rf5+ 70. Kc6 Qc3+ 71. Kb7 Qb4+ 72. Kc7 Qa5+ {Accuracy: White = 45%, Black = 51%.} 0-1

[Event "70th RUS-ch Women Higher League 2020"]
[Site "Sochi"]
[Date "2020.10.08"]
[Round "1.10"]
[White "Gorovenko, Darya"]
[Black "Dordzhieva, Dinara"]
[Result "1/2-1/2"]
[WhiteElo "2120"]
[BlackElo "2354"]
[Annotator "TA"]
[PlyCount "117"]
[EventDate "2020.10.08"]
[EventType "swiss"]
[EventCountry "RUS"]
[SourceTitle "playchess.com"]
[Source "ChessBase"]
[SourceQuality "1"]

{[%evp 13,117,0,12,-33,-7,-21,0,0,0,0,0,0,0,0,12,-24,-8,-46,14,10,18,6,0,0,0,0,0,-55,-43,-59,-66,-68,-4,-19,-10,-101,-91,-89,-97,-327,0,0,0,-60,0,0,0,-35,-34,-31,-19,-77,0,0,0,-20,0,0,0,0,0,0,0,0,0,0,96,94,81,81,93,74,74,74,74,74,74,74,87,74,80,66,66,57,69,37,37,37,74,74,5065,73,80,80,80,80,80,74,74,55,62,0,0,0,41,0]} 1. d4 Nf6 2. c4 e6 3. Nf3 d5 4. g3 dxc4 5. Bg2 Nc6 6. O-O Rb8 7. a4 a6 8. Bg5 {E04: Open Catalan: 5 Nf3.} Be7 9. e3 b5 10. axb5 {The position is equal.} axb5 11. b3 cxb3 12. Qxb3 O-O 13. Rc1 Bb7 14. Nc3 Nb4 15. Qb1 {[#]} Nd7 $146 (15... c5 $15) ({Predecessor:} 15... Nbd5 16. Nxb5 h6 17. Bxf6 Nxf6 18. Qd3 c5 19. Qe2 cxd4 20. Nbxd4 Rc8 21. Qb5 Rxc1+ 22. Rxc1 {½-½ (31) Ribli,Z (2577)-Kraemer,M (2506) Austria 2011}) 16. Bxe7 $11 Qxe7 17. Ra7 g6 18. Ne4 Bxe4 19. Qxe4 Nd5 20. Qb1 (20. Qc2 $11) 20... b4 $1 $15 21. Nd2 {Threatening Bxd5.} Nc3 22. Qd3 Rfd8 (22... Rfc8 $15) 23. Nb1 $11 Nb5 24. Rb7 (24. Ra5 $11 Nd6 25. Rxc7) 24... Rxb7 25. Bxb7 Nd6 $1 {[%cal Rd6b7]} 26. Rxc7 $2 (26. Bc6 $17 {was necessary.}) 26... Nc5 $2 (26... Ne8 $1 $19 {[%cal Re8c7]} 27. Qc4 Nxc7 28. Qxc7 Kf8) 27. Rxc5 Qxb7 28. d5 (28. Nd2 $11) 28... e5 (28... Qa7 $1 $15 29. Rc1 exd5 30. Qxd5 Qe7) 29. Nd2 Rc8 30. Nb3 Rxc5 31. Nxc5 Qa7 (31... Qc8 {is interesting.} 32. Nb3 Kf8 33. Kf1 Qh3+ 34. Kg1 Qf5) 32. Ne4 {[#]} (32. Nb3 $1 $11) 32... Nxe4 (32... Qa3 $1 $17 {[%cal Ra3d3]} 33. Qb1 Nxe4 {[%mdl 64] Overworked Piece} 34. Qxe4 b3 35. Qxe5 Qb4 36. Qe8+ Kg7 37. Qe5+ f6) 33. Qxe4 $17 {[%mdl 4160] Endgame Double Attack. KQ-KQ} Qb8 34. Qb1 b3 {Strongly threatening ...b2.} 35. d6 Kf8 {Threatens to win with ...b2.} (35... b2 $5 36. d7 $8 h5 $11) 36. Qb2 $1 f6 {Hoping for ...Ke8.} 37. f4 Qb6 38. Kf2 Qb5 39. Qa3 {Intending d7+ and mate.} Ke8 (39... Kg7 $11 {remains equal.} 40. Qa7+ Kh6) 40. Qa7 $16 {[%csl Gd6][%cal Ra7e7]} Qd7 41. Qb8+ {[%mdl 64] Double Attack} Qd8 42. Qb5+ Kf8 43. fxe5 fxe5 44. Qxe5 {White threatens Qh8+ and mate.} Kf7 {White must now prevent ...Qf6+.} 45. Qd5+ Kg7 46. Qxb3 {Qd5 is the strong threat.} Qxd6 47. Qb7+ Kh6 48. Qb2 Qd3 49. h4 Qf5+ 50. Kg1 Qf3 {[#]} 51. Qf2 $1 {[%cal Rf2f3]} Qd1+ $2 {[%mdl 8192]} (51... Qf5 $16) 52. Kg2 $2 (52. Qf1 $18 Qd8 53. Qf4+ Kg7 54. Qd4+ Qf6 55. Kg2) 52... Qd5+ 53. Qf3 Qd2+ 54. Kh3 {Qf8+ would kill now.} Kg7 55. g4 Qe1 56. g5 Qg1 57. e4 (57. Qb7+ $14 Kf8 58. Qb8+ Ke7 59. Qc7+ Ke8 60. Qe5+ (60. Qxh7 Qxe3+ 61. Kg2 Qe2+ 62. Kh3 Qe3+ 63. Kg2 Qe4+ 64. Kf2 Qd4+ 65. Ke2 Qe4+ 66. Kf1 Qf5+ 67. Kg1 Qg4+ 68. Kh1 Qe4+ 69. Kh2 Qf4+ 70. Kh3 Qe3+ $11) 60... Kd7 61. Qd5+ Kc7 62. Qe5+ Kc6 63. Qe8+ Kc7 64. Qf7+ Kc6 65. Qf6+ (65. Qxh7 Qxe3+ 66. Kg4 Qe4+ 67. Kh3 Qe3+ 68. Kg4 Qe4+ 69. Kh3 Qe3+ $11) 65... Kb5 66. Qf4) 57... Qd4 58. Kg2 Qe5 59. Kh3 {Never resign too early! Accuracy: White = 59%, Black = 75%.} 1/2-1/2

[Event "70th RUS-ch Women Higher League 2020"]
[Site "Sochi"]
[Date "2020.10.08"]
[Round "1.11"]
[White "Voit, Daria"]
[Black "Miroshnik, Ekaterina"]
[Result "1-0"]
[WhiteElo "2343"]
[BlackElo "2104"]
[Annotator "TA"]
[PlyCount "73"]
[EventDate "2020.10.08"]
[EventType "swiss"]
[EventCountry "RUS"]
[SourceTitle "playchess.com"]
[Source "ChessBase"]
[SourceQuality "1"]

{[%evp 19,73,12,8,19,39,39,63,58,66,36,40,40,53,49,74,66,88,89,125,110,124,125,129,136,145,136,147,152,154,152,156,156,181,110,112,108,137,133,173,159,244,262,267,229,356,269,429,435,412,429,700,702,1067,1056,948,547]} 1. d4 d6 2. Nf3 g6 3. c4 Bg7 4. Nc3 e5 5. g3 Nd7 6. Bg2 Ne7 7. O-O O-O 8. e4 exd4 9. Nxd4 Nc6 10. Nde2 Nc5 11. Be3 {A42: Modern Defence: Averbakh Variation.} Ne5 12. b3 a5 13. Qc2 {[#] White is slightly better.} Bd7 $146 ({Predecessor:} 13... c6 14. Rad1 Qf6 15. f3 Rd8 16. h3 Qe7 17. Rd2 f5 18. Bxc5 dxc5 19. Rxd8+ Qxd8 20. Rd1 Qe7 21. f4 Nf7 22. e5 Be6 23. Rd3 {½-½ (23) Colpe,M (2194)-Michna,M (2393) Hamburg 2010}) 14. h3 a4 15. Rab1 axb3 16. axb3 Nc6 17. b4 Ne6 18. Rfd1 Re8 {[#]} 19. f4 $1 Nf8 20. c5 dxc5 21. Bxc5 ({Much less strong is} 21. bxc5 Qc8 $14) 21... Qc8 22. Kh2 Ne6 23. Bf2 Ne7 24. Rbc1 Rd8 25. b5 Be8 26. Qb3 ({White should try} 26. Rxd8 $18 Qxd8 27. Rd1) 26... Rxd1 $16 27. Rxd1 Kh8 28. e5 Kg8 29. Ne4 c6 (29... Kh8 $16 30. Qb4 Ng8) 30. Nd6 $18 Qc7 31. Nc3 h5 (31... Nf5 $142 32. bxc6 bxc6 33. Nxf5 gxf5) 32. h4 Nf8 (32... Nf5 $142 33. bxc6 bxc6 34. Nxf5 gxf5) 33. bxc6 bxc6 {[#]} 34. Ncb5 $1 {[%mdl 576] Pin} Qb8 (34... Qa5 $142 35. Nxe8 cxb5) (34... cxb5 35. Bxa8) 35. Nxe8 Ra5 36. Ned6 Ne6 37. Nd4 {Accuracy: White = 81%, Black = 42%.} 1-0

[Event "70th RUS-ch Women Higher League 2020"]
[Site "Sochi"]
[Date "2020.10.08"]
[Round "1.12"]
[White "Garmash, Aliona"]
[Black "Garifullina, Leya"]
[Result "1/2-1/2"]
[WhiteElo "2093"]
[BlackElo "2335"]
[Annotator "TA"]
[PlyCount "120"]
[EventDate "2020.10.08"]
[EventType "swiss"]
[EventCountry "RUS"]
[SourceTitle "playchess.com"]
[Source "ChessBase"]
[SourceQuality "1"]

{[%evp 13,120,12,16,0,2,9,9,13,24,5,42,5,2,-8,-4,-47,-38,-86,-78,-79,-87,-85,-82,-84,-68,-76,-62,-62,-68,-61,-45,-45,-45,-46,-44,-51,-45,-64,-63,-62,-61,-79,-51,-51,-51,-51,-51,-51,-51,-51,-51,-62,-52,-56,-56,-75,-75,-75,-62,-75,-38,-38,-38,-38,-38,-76,-45,-54,-45,-85,-85,-85,-77,-85,-54,-85,-77,-77,-77,-77,-77,-77,-77,-77,-77,-77,-77,-77,-77,-77,-77,-77,-75,-75,-75,-77,-75,-77,-75,-77,0,-77,-8,-8,-8,-42,-42,-45,-47]} 1. d4 Nf6 2. c4 e6 3. Nf3 b6 4. g3 Bb7 5. Bg2 Bb4+ 6. Bd2 Be7 7. Nc3 $1 {7.Nc3 is better than 7.0-0.} c6 8. Rc1 {E16: Queen's Indian: 4 g3 Bb7 5 Bg2 Bb4+.} O-O 9. O-O d5 10. Bf4 {The position is equal.} Nh5 11. Be5 Nd7 {[#]} 12. e3 $146 ({Predecessor:} 12. cxd5 exd5 13. e4 Nhf6 14. exd5 Nxe5 15. Nxe5 cxd5 16. Qb3 Ne4 17. Rfe1 Nxc3 18. Rxc3 Bf6 19. f4 {½-½ (64) Short,N (2648)-Koneru,H (2541) Caleta 2019}) 12... Nhf6 13. Qd3 Ba6 14. b3 (14. Bxf6 $5 Nxf6 15. b3 $11) 14... Ng4 15. h3 dxc4 16. Qe2 Ngxe5 17. Nxe5 Nxe5 18. dxe5 Qd3 {aiming for ...Qxe2.} 19. bxc4 Qxc4 20. Qxc4 Bxc4 21. Rfd1 Bd5 22. Nxd5 cxd5 23. e4 dxe4 24. Bxe4 Rad8 25. Rxd8 Rxd8 $15 {[%mdl 4096] Endgame KRB-KRB} 26. Rc7 Bc5 27. Rxa7 g5 28. Ra8 Rxa8 29. Bxa8 {KB-KB} Bd4 30. g4 Bxe5 31. Be4 Kg7 32. f3 h6 33. Kf2 {[#]} h5 $1 {[%mdl 512]} 34. Bd3 (34. gxh5 Kh6) 34... Bd4+ 35. Kg2 Bc5 36. Bc2 hxg4 37. hxg4 Kf6 38. Bd3 Ke5 39. Bb1 Kd4 40. Bc2 b5 41. Bb3 Kd3 42. Kg3 Ke3 43. Kg2 Ke2 44. Kg3 Kf1 45. Bc2 Bd6+ 46. Kh3 Kf2 47. Be4 b4 48. Bc6 Bc7 49. Be4 Be5 50. Bc6 Bd6 51. Be4 Be7 52. Bc6 f5 53. gxf5 exf5 54. Bd5 Bf6 55. Bc6 Bc3 56. Bd5 Bf6 57. Bc6 {[#]} g4+ $1 {[%mdl 512]} 58. fxg4 $11 f4 59. g5 Bxg5 60. Kg4 Bh6 {Accuracy: White = 82%, Black = 84%.} 1/2-1/2

[Event "70th RUS-ch Women Higher League 2020"]
[Site "Sochi"]
[Date "2020.10.08"]
[Round "1.13"]
[White "Kovanova, Baira"]
[Black "Kochukova, Anna"]
[Result "1-0"]
[WhiteElo "2324"]
[BlackElo "2093"]
[Annotator "TA"]
[PlyCount "90"]
[EventDate "2020.10.08"]
[EventType "swiss"]
[EventCountry "RUS"]
[SourceTitle "playchess.com"]
[Source "ChessBase"]
[SourceQuality "1"]

{[%evp 18,90,70,79,70,70,75,81,92,92,92,85,94,91,108,111,150,146,135,147,177,176,186,174,178,159,191,193,198,181,219,218,216,156,375,375,374,377,387,373,382,383,353,373,389,381,381,381,381,382,400,370,575,575,682,682,664,616,486,436,421,410,533,466,774,754,745,739,724,712,923,902,1026,1026,1350]} 1. d4 d5 2. Nf3 Nf6 3. g3 e6 4. Bg2 Be7 5. c4 O-O 6. O-O dxc4 7. Ne5 c5 8. dxc5 Bxc5 9. Nxc4 Qxd1 10. Rxd1 Ng4 {E05: Open Catalan: 5 Nf3 Be7.} 11. e3 Nc6 12. Nc3 {[#]} Nge5 $146 {White is better.} ({Predecessor:} 12... Rb8 13. b3 Nce5 14. Nxe5 Nxe5 15. Bb2 Ng6 16. Rac1 Be7 17. Ne4 e5 18. h4 f6 {½-½ (42) Urbankova,E (2175)-Budka,J Klatovy 1996}) 13. Nxe5 Nxe5 14. b3 f6 15. Bb2 Nf7 16. Rac1 Rb8 17. Nb5 Bb6 18. Ba3 Rd8 19. Rxd8+ Bxd8 20. Nxa7 Bd7 21. Bc5 $36 {[%mdl 2048] White is in control.} g5 22. a4 g4 23. h3 h5 24. hxg4 hxg4 25. Nb5 Bc6 $2 (25... b6 $16 {was worth a try.}) 26. Bxc6 $18 bxc6 27. Nd4 e5 28. Nxc6 Rxb3 29. Nxd8 Nxd8 {[%mdl 4096] Endgame KRB-KRN} 30. Be7 $1 {[%csl LRd8,LRf6]} Nf7 31. Bxf6 Rb6 32. Be7 Rb7 33. Bh4 Rb4 34. Ra1 e4 (34... Rb6 $142 35. Rc1 Rb4) 35. a5 {[%cal Ba4a5,Ba5a6,Ba6a7][%mdl 32]} Ne5 36. a6 {[#] White threatens a7 and mate.} Rb8 37. a7 Ra8 38. Ra4 Kf7 39. Rxe4 Ke6 40. Ra4 {White is clearly winning.} Kf5 (40... Nc6 $142 41. Rxg4 Rxa7) 41. Be7 Ke6 42. Bc5 Kd5 43. Bd4 {[#] Threatens to win with Ra5+.} Nf3+ 44. Kg2 Ke4 45. Rb4 Kd5 {White took control after the opening. Accuracy: White = 92%, Black = 53%.} 1-0

[Event "70th RUS-ch Women Higher League 2020"]
[Site "Sochi"]
[Date "2020.10.08"]
[Round "1.14"]
[White "Mironenko, Galina"]
[Black "Solozhenkina, Elizaveta"]
[Result "1/2-1/2"]
[WhiteElo "2061"]
[BlackElo "2301"]
[Annotator "TA"]
[PlyCount "92"]
[EventDate "2020.10.08"]
[EventType "swiss"]
[EventCountry "RUS"]
[SourceTitle "playchess.com"]
[Source "ChessBase"]
[SourceQuality "1"]

{[%evp 10,92,0,0,0,0,0,0,0,0,9,0,78,-22,16,10,19,0,8,11,15,0,0,0,0,-21,0,0,0,0,0,-23,-22,-29,0,0,0,-16,-14,-16,-16,-16,-16,-14,0,-13,-14,-20,-14,-16,0,0,0,-22,0,-38,-30,-31,0,0,0,0,0,-21,0,0,0,0,0,0,0,0,0,0,0,0,0,0,0,0,0,0,0,0,0]} 1. e4 e6 2. d4 d5 3. Bd3 dxe4 4. Bxe4 Nf6 5. Bf3 c5 6. Ne2 Nc6 {[%cal Rc5d4] C01: French: Exchange Variation.} 7. Be3 cxd4 8. Nxd4 Ne5 9. Nc3 a6 $1 {9...a6 scores better than 9...Bb4.} 10. Qe2 Bb4 {[#]} (10... Nxf3+ $11 {keeps the balance.} 11. Nxf3 b5) 11. O-O {[#]} ({White should try} 11. O-O-O $1 $16 Bd7 12. Bg5 (12. Bxb7 Rb8 $16)) 11... Nxf3+ $146 ({Predecessor:} 11... Bxc3 12. bxc3 Qa5 13. Bf4 Nxf3+ 14. Nxf3 Bd7 15. c4 O-O 16. Bd6 Rfc8 17. Ne5 Bc6 {0-1 (39) Boixader Arbo,X (2149)-Ternault,M (2341) Barcelona 2020}) 12. Nxf3 O-O 13. Bg5 Be7 14. Rad1 Qc7 15. Ne4 Nxe4 16. Bxe7 $1 Nc3 17. Qd2 Qxe7 18. Qxc3 f6 19. Qb3 Kh8 20. Rfe1 e5 21. Nd4 Qd7 22. Ne2 Qc6 23. Qb4 {[%cal Rb4f8] [#]} Bf5 24. c4 a5 25. Qb5 Qxb5 26. cxb5 Rfd8 27. f3 Kg8 28. Kf2 Kf7 29. Ke3 a4 30. g4 Be6 31. Nc3 Bc4 32. Ke4 Ke6 33. f4 Rxd1 34. Rxd1 $15 {[%mdl 4096] Endgame KRB-KRN. The position is equal.} b6 35. fxe5 fxe5 36. Nd5 {Threatens to win with Nc7+.} Rf8 37. Nc7+ Ke7 38. Kxe5 {Rd4 is the strong threat.} Rc8 39. Nd5+ Bxd5 $1 40. Rxd5 $11 {KR-KR} Rc2 41. Rd4 Rxb2 42. Rxa4 {Black must now prevent Ra7+.} Rxb5+ 43. Ke4 h5 44. h4 Kd6 45. gxh5 Rxh5 46. Kf3 g5 {Accuracy: White = 91%, Black = 89%.} 1/2-1/2

[Event "70th RUS-ch Women Higher League 2020"]
[Site "Sochi"]
[Date "2020.10.08"]
[Round "1.15"]
[White "Belenkaya, Dina"]
[Black "Mukhina, Jana"]
[Result "1-0"]
[WhiteElo "2297"]
[BlackElo "2025"]
[Annotator "TA"]
[PlyCount "87"]
[EventDate "2020.10.08"]
[EventType "swiss"]
[EventCountry "RUS"]
[SourceTitle "playchess.com"]
[Source "ChessBase"]
[SourceQuality "1"]

{[%evp 14,87,26,10,29,16,9,0,7,-13,17,12,43,43,54,41,38,36,64,56,58,43,65,59,56,3,75,44,70,56,71,72,154,118,137,122,134,140,144,143,142,124,133,127,133,140,143,129,137,105,106,102,95,103,130,126,217,223,218,213,214,225,335,336,953,944,939,923,911,881,866,813,989,1035,1027,1013]} 1. e4 c5 2. Nf3 Nc6 3. Bb5 g6 4. O-O Bg7 5. Re1 Nf6 6. c3 O-O 7. h3 e5 8. d3 Re8 {B31: Sicilian: 2...Nc6 3 Bb5 g6.} 9. a3 a6 10. Bxc6 {[#]} bxc6 $146 {The position is equal.} ({Predecessor:} 10... dxc6 11. Qc2 Nh5 12. b4 cxb4 13. axb4 Be6 14. Na3 a5 15. Nc4 a4 16. Na5 Qd7 17. Rxa4 {0-1 (28) Lukovic,V (2421)-Bogosavljevic,B (2493) Ruma 2020}) 11. b4 cxb4 12. axb4 Bb7 13. Qb3 d6 14. Nbd2 Qc7 15. Nc4 Nd7 16. Be3 Rac8 17. Reb1 h6 18. Na5 Ba8 19. Qc4 ({White should try} 19. Qc2 $14) 19... Nb8 (19... d5 $1 $11 20. Qxa6 c5) 20. Nb3 Kh7 21. Nfd2 f5 22. f3 Bf8 (22... d5 $142 23. Qc5 Nd7) 23. d4 f4 24. Bf2 $36 {[%mdl 2048] White is really pushing.} Bb7 25. Na5 Ba8 26. dxe5 Rxe5 27. Bd4 Ree8 28. Ndb3 Rcd8 29. Re1 Rd7 30. Red1 Qc8 31. Bb6 Rg7 32. Qf1 Nd7 33. Bd4 Rg8 34. Qc4 {aiming for Qf7+.} Ne5 (34... Re7 $16 35. Bf2 Ne5) 35. Bxe5 $1 $18 Rxe5 36. Qf7+ Rg7 37. Qxf4 {Hoping for Nc4.} Rg5 (37... Re6 $142 38. Nc4 d5) 38. Nc4 Qxh3 $2 {[#]} (38... d5) 39. Qxg5 $1 {[%mdl 512] White is clearly winning.} Qe6 (39... hxg5 40. gxh3) 40. Qd8 {[%mdl 64] Double Attack} Be7 41. Qxa8 Qxc4 42. Nd4 Qxc3 43. Qxc6 Qe3+ 44. Kf1 {Accuracy: White = 88%, Black = 61%.} 1-0

[Event "70th RUS-ch Women Higher League 2020"]
[Site "Sochi"]
[Date "2020.10.08"]
[Round "1.16"]
[White "Berezina, Mariya"]
[Black "Shafigullina, Zarina"]
[Result "0-1"]
[WhiteElo "1982"]
[BlackElo "2296"]
[Annotator "TA"]
[PlyCount "140"]
[EventDate "2020.10.08"]
[EventType "swiss"]
[EventCountry "RUS"]
[SourceTitle "playchess.com"]
[Source "ChessBase"]
[SourceQuality "1"]

{[%evp 9,140,0,5,-10,14,5,11,0,15,16,17,11,10,11,16,8,17,12,19,7,30,31,50,8,97,79,106,83,99,0,134,57,113,0,0,-257,-258,-257,-236,-1031,0,0,0,0,0,-316,-314,-710,-118,-678,-94,-103,-100,-93,-98,-100,-28,-106,-100,-104,-42,-40,-4,-12,-15,-27,-25,-31,-19,-25,-33,-32,-10,-34,0,0,0,0,0,0,0,0,0,0,0,0,0,0,0,0,0,0,0,0,0,0,0,0,0,0,0,0,0,0,0,0,0,-12836,-12835,-12837,-12838,-12837,-12838,-12840,-12839,-12850,-12842,-12844,-12844,-12845,-12843,-12845,-12846,-12846,-12847,-12848,-12847,-12848,-12848,-12849,-12849,-12850,-12850]} 1. c4 e5 2. Nc3 Nf6 3. Nf3 Nc6 4. e3 Bb4 5. Qc2 d6 6. Nd5 {A28: English Opening: Four Knights Variation.} Bc5 7. a3 a5 8. Bd3 {The position is equal.} h6 9. b3 O-O 10. Bb2 Nxd5 11. cxd5 Ne7 12. Nxe5 Nxd5 13. Nf3 Nf6 {[#]} 14. Bf5 $146 ({Predecessor:} 14. h4 Nh5 15. O-O-O Qe7 16. Bh7+ Kh8 17. d4 Bb6 18. d5 a4 19. b4 c5 20. dxc6 {0-1 (28) Spanton,T (1880)-Sun,X (2146) Hastings 2018}) 14... Be6 15. O-O Ra6 16. Nd4 Bxf5 (16... Bxd4 $1 $11 17. Bxd4 c5 18. Bxe6 fxe6) 17. Nxf5 $16 Re8 18. Qc3 Re5 {[#]} 19. Qc2 (19. Nxg7 $1 $16 {[%mdl 512] Threatens to win with f4.} Kxg7 20. d4) 19... Re6 (19... Re8 $1 $11) 20. Bc3 ({White should try} 20. d4 $16 Ba7 21. d5 $1 {[%mdl 512]}) 20... d5 {[#]} (20... Bb6 $14) 21. Bxf6 (21. Nxg7 $1 $16 {[%mdl 512]} Kxg7 22. Bxf6+ {[%mdl 64] Discovered Attack} Qxf6 23. Qxc5 {[%mdl 64] Double Attack}) 21... Rxf6 $11 22. Nxh6+ $2 {[%mdl 8192]} (22. Nxg7 $11 {and White stays safe.} Rfc6 23. Nf5) 22... Rxh6 $19 23. Qxc5 Rag6 $1 {aiming for ...Qg5!} 24. f3 $2 {[#]} ({Avoid the trap} 24. Qxa5 $2 Qh4 $19) (24. f4 b6 25. Qd4) 24... c6 $2 ({Better is} 24... Rxg2+ $1 $19 {[%mdl 512]} 25. Kxg2 Qg5+ 26. Kh1 Qg3) 25. Qd4 $11 Qg5 $40 {[%csl Gg6][%cal Rg5g2][%mdl 128] Black is up to no good.} 26. Rf2 Rh4 27. Qd3 $2 {[%mdl 8192]} (27. f4 $11 Qh5 28. g3) 27... Qe5 $1 $19 {[%csl LRa1,LRh2][%mdl 64] Double Attack} 28. Qc3 $2 (28. Rd1 Rxh2 29. Kf1) 28... Qxh2+ 29. Kf1 {[#]} Qg3 $2 (29... d4 $1 $19 {[%cal Rd4c3][%mdl 512]} 30. exd4 Qg3) 30. Ke2 $17 {[#]} d4 $1 {[%mdl 512]} 31. Qd3 (31. exd4 Re6+) 31... c5 32. Rc1 dxe3 (32... b6 $17 33. e4 Re6) 33. dxe3 (33. Qd8+ $11 Kh7 34. dxe3) 33... Rd6 34. Qc2 {[#]} Rh5 (34... Rh2 $1 $17 {White must now prevent ...a4.} 35. Rg1 b6) 35. Rd1 $15 Rhd5 36. Rxd5 Rxd5 $11 {[%mdl 4096] Endgame KQR-KQR} 37. Qe4 Qd6 38. Qe8+ Kh7 39. Qe4+ g6 40. Qc2 b5 41. Rf1 Rg5 42. Rh1+ Kg7 43. Qc3+ f6 44. Qxa5 {White wants to mate with Qa7+.} Rxg2+ 45. Kf1 {Intending Qa7+ and mate.} Rd2 {( -> ...Qd3+!)} 46. Qa7+ Qd7 47. Qxd7+ Rxd7 {KR-KR} 48. Ke2 Ra7 49. Ra1 g5 50. a4 c4 51. bxc4 Rxa4 52. Rb1 bxc4 53. Rb7+ Kg6 54. Rc7 Kf5 55. Rc5+ Ke6 56. e4 Ra2+ 57. Ke3 Ra3+ 58. Kd4 $2 {[%mdl 8192]} (58. Kf2 $11) 58... Rxf3 {Black is clearly winning.} 59. Rxc4 {[#]} Kf7 $1 60. Rc7+ Kg6 61. Re7 g4 62. e5 f5 63. Re6+ Kg5 64. Re8 g3 65. Rg8+ Kf4 66. e6 Re3 67. Rg6 Re1 68. Kd5 Kf3 69. Kd6 g2 70. e7 f4 {Accuracy: White = 75%, Black = 76%.} 0-1